Normal view
MARC view
- Meyer, Gerd
Entry Personal Name
001 - CONTROL NUMBER
- control field: 11346
003 - CONTROL NUMBER IDENTIFIER
- control field: OSt
005 - DATE AND TIME OF LATEST TRANSACTION
- control field: 20160715110530.0
008 - FIXED-LENGTH DATA ELEMENTS
- fixed length control field: 160715|| aca||aabn | a|a d
040 ## - CATALOGING SOURCE
- Original cataloging agency: OSt
100 ## - HEADING--PERSONAL NAME
- Personal name: Meyer, Gerd
- Relator term: Editor
